Albums Rap US 1 - Statistiques

Statistiques générales
  • Ce quiz a été pris 898 fois
  • Le résultat moyen est 9 sur 16
Statistiques - réponses
Par images Réponse % Correct
Utopia
80%
2001
69%
IGOR
68%
The College Dropout
67%
All Eyez On Me
66%
Culture II
60%
Doggy Style
58%
Heroes & Villains
58%
Whole Lotta Red
57%
17
55%
Testing
54%
More Life
42%
Goodbye & Good Riddance
35%
Madvillainy
34%
To Timp A Butterfly
26%
The Documentary
25%
Aucun quiz correspondant
Distribution des résultats
% des personnes avec chaque résultat
Percentile par nombre de réponses
Votre historique - résultats
Vous n’avez pas pris ce quiz